Parkinsonova nemoc 300 typů a rad, jak ji zvládat lépe

Bibliographic Details
Main Author: Schwarz, Shelley Peterman, 1946- (Author)
Other Authors: Hranická, Lucie (Translator)
Format: Book
Language:Czech
English
PhysicalDescription:109 s. 21 cm
Published: Praha Grada 2008
ISBN:9788024723211
Edition:1. čes. vyd.
Series:Doktor radí
Subjects:

MARC

LEADER 00000cam a2200000 a 4500
001 vtls009299202
003 SK-MaSNL
005 20260301170825.0
008 240315s2008 xr f 001 0 cze
020 |a 9788024723211  |q (brož.) 
040 |a SNK  |b slo  |c SNK  |e AACR2 
041 1 |a cze  |h eng 
044 |a xr  |c CZ 
072 7 |a 616  |x Patológia. Klinická medicína  |2 konspekt 
080 |a 616.858  |2 2001 
080 |a (0.062)  |2 2001 
100 1 |a Schwarz, Shelley Peterman,  |d 1946-  |4 aut  |9 537584 
240 1 0 |a Parkinson's disease 300 tips for making life easier  |l Česky 
245 1 0 |a Parkinsonova nemoc  |b 300 typů a rad, jak ji zvládat lépe  |c Shelley Peterman Schwarz ; [přeložila Lucie Hranická] 
250 |a 1. čes. vyd. 
260 |a Praha  |b Grada  |c 2008 
300 |a 109 s.  |c 21 cm 
490 1 |a Doktor radí 
650 0 7 |a Parkinsonova choroba  |2 SNKPH  |9 2561 
650 0 7 |a Parkinson's disease  |2 SNKPHeng  |9 324161 
655 7 |a populárno-náučné publikácie  |2 SNKPH  |9 70460 
655 7 |a Popular works  |2 SNKPHeng  |9 90287 
700 1 |a Hranická, Lucie  |4 trl  |9 112262 
830 0 |a Doktor radí  |9 537585 
919 |a 978-80-247-2321-1 
999 |c 828879  |d 830809 
952 |t snkSCH 616.858  |a SNKUST  |b SNKUST  |y PREZ  |7 0  |p 17A0569799  |o snkIC 136692  |i snk2008/12525  |8 3  |g 8.27  |0 0  |1 0  |4 0  |d 2008-06-13  |l 0  |r 2025-04-30 00:00:00  |w 2026-02-24